Stati per superficie - America del Sud - Statistics

Statistiche generali
  • Questo quiz è stato fatto 28 volte
  • Il punteggio medio è 5 su 5
Statistiche sulle risposte
Superficie (km²) Nazione % Corretto
2 796 427 Argentina
100%
8 510 346 Brasile
100%
1 285 216 Perù
91%
1 141 748 Colombia
86%
1 098 581 Bolivia
73%
Nessun quiz corrispondente trovato
Distribuzione punteggi
Percentuale di utenti per punteggio
Percentile per numero di risposta
I tuoi punteggi nel tempo
Non hai fatto questo quiz